000 00302nam a22001337a 4500
008 170608b xxu||||| |||| 00| 0 eng d
020 _a9780872899704
041 _aeng
080 _26TH
_a327
100 _a18
101 _aSHP
245 _aAMERICAN DEMOCRACY IN PERIL
_cHUDSON,W.E
942 _2udc
_cBK
999 _c16426
_d16426